000 00386nam a2200133Ia 4500
008 151001s9999||||xx |||||||||||||| ||und||
100 _aसुदर्शन भाटीया
245 _aकलियुग दर्पण
250 _a1
260 _bहार्दिक प्रकाशन नई दिल्ली
260 _c2012
300 _a200
365 _b21
999 _c1000634
_d1000631